| 000 | 00824nam a22002771 4500 | ||
|---|---|---|---|
| 001 | 21207 | ||
| 003 | BD-RjUL | ||
| 005 | 20211209000648.0 | ||
| 008 | 140303s1967 enk 000 1 eng | ||
| 035 | _a(BD-RjUL)21271 | ||
| 035 | _a(OCoLC)918076 | ||
| 040 |
_aDLC _cDeU _dBD-RjUL _beng |
||
| 041 | _aeng | ||
| 082 |
_a821.7 _bBYD 1967 |
||
| 100 | 1 |
_aByron, George Gordon Byron _d1788-1824. _965558 |
|
| 245 | 1 | 0 |
_aDon Juan cantos I-IV / _cLord Byron; edited by T.S. Dorsch. |
| 250 | _aAbridged ed. | ||
| 260 |
_aLondon : _bRoutledge & K. Paul, _cc1967. |
||
| 300 |
_axxxv, 169 p. ; _c19 cm. |
||
| 490 | _aRoutledge English texts | ||
| 650 |
_aDon Juan (Legendary character) -- Poetry. _965559 |
||
| 700 | 1 |
_aDorsch, T. S. _eed. _965560 |
|
| 942 |
_2ddc _cBK |
||
| 999 |
_c21207 _d21207 |
||